[Event "Titled Tuesday intern op 29th Aug Early"]
[Site "Chess.com INT"]
[Date "2023.08.29"]
[Round "8"]
[White "Firouzja, Alireza"]
[Black "Naroditsky, Daniel"]
[Result "1-0"]
[WhiteElo "2777"]
[BlackElo "2619"]
[PlyCount "113"]
[EventDate "2023.08.29"]
[EventType "swiss (blitz)"]
[EventRounds "11"]
[EventCountry "USA"]
[SourceTitle "EXT 2024"]
[Source "ChessBase"]
[SourceDate "2023.10.10"]
[SourceVersion "1"]
[SourceVersionDate "2023.10.10"]
[SourceQuality "1"]

1. e4 Nf6 2. e5 Nd5 3. d4 d6 4. c4 Nb6 5. exd6 exd6 6. h3 Be7 7. Nf3 0-0 8. Bd3 Nc6 9. Nc3 Bf6 10. 0-0 Re8 11. b3 h6 12. Be3 Ne7 13. Qc2 d5 14. a4 a5 15. Rfe1 c6 16. c5 Nd7 17. Bf4 Nf8 18. Be5 Bxe5 19. Nxe5 Be6 20. Re2 f6 21. Nf3 Bf7 22. Rae1 Qd7 23. Nh4 Ne6 24. Bh7+ Kf8 25. Nf5 Nxf5 26. Bxf5 Re7 27. Qd2 Rae8 28. Re3 Qc7 29. Ne2 Nf4 30. Ng3 g6 31. Rxe7 Rxe7 32. Rxe7 Kxe7 33. Bc8 g5 34. Nf5+ Kf8 35. Nd6 b6 36. Bf5 bxc5 37. dxc5 Qe7 38. Qxa5 Ne2+ 39. Kf1 Nd4 40. Bg4 h5 41. Qa8+ Be8 42. Qxe8+ Qxe8 43. Nxe8 hxg4 44. Nxf6 Nxb3 45. Nxg4 Nxc5 46. a5 Ke7 47. Ne5 Kd6 48. Nf7+ Ke6 49. Nxg5+ Kf5 50. Nf7 Na6 51. Nd8 c5 52. Ke2 c4 53. Nc6 Ke6 54. Nd4+ Ke5 55. Ke3 c3 56. f4+ Kd6 57. Kd3 1-0

[Event "Titled Tuesday intern op 29th Aug Early"]
[Site "Chess.com INT"]
[Date "2023.08.29"]
[Round "2"]
[White "Hua, Lefong"]
[Black "Naroditsky, Daniel"]
[Result "0-1"]
[WhiteElo "2305"]
[BlackElo "2619"]
[PlyCount "98"]
[EventDate "2023.08.29"]
[EventType "swiss (blitz)"]
[EventRounds "11"]
[EventCountry "USA"]
[SourceTitle "EXT 2024"]
[Source "ChessBase"]
[SourceDate "2023.10.10"]
[SourceVersion "1"]
[SourceVersionDate "2023.10.10"]
[SourceQuality "1"]

1. d4 Nf6 2. c4 g6 3. Nc3 Bg7 4. e4 d6 5. f4 Bg4 6. Nf3 Bxf3 7. Qxf3 Nc6 8. Be3 e5 9. fxe5 dxe5 10. d5 Nd4 11. Qd1 0-0 12. Be2 c5 13. dxc6 bxc6 14. 0-0 Nd7 15. b4 Re8 16. c5 Nf8 17. Bc4 Nfe6 18. Ne2 a5 19. Nxd4 exd4 20. Bd2 d3 21. Rc1 axb4 22. Bxb4 Qd4+ 23. Kh1 Rad8 24. Qf3 Rd7 25. Bc3 Qxc4 26. Bxg7 Qxc1 27. Rxc1 Kxg7 28. e5 Rd5 29. Qf6+ Kg8 30. Rf1 Rd7 31. h4 d2 32. Rd1 h5 33. g4 hxg4 34. h5 gxh5 35. Qh6 Rd4 36. Rxd2 Rxd2 37. Qxd2 Kg7 38. Qd6 h4 39. Qxc6 Rd8 40. Qe4 Rd4 41. Qf5 Rf4 42. Qh5 Rf1+ 43. Kh2 g3+ 44. Kg2 Rf2+ 45. Kg1 Rf4 46. c6 Rc4 47. c7 Rc1+ 48. Kg2 Nf4+ 49. Kf3 Nxh5 0-1